Inteligencia artificial y proceso judicial
Bewaard in:
| Hoofdauteur: | |
|---|---|
| Formaat: | Onbekend |
| Taal: | Engels |
| Gepubliceerd in: |
Madrid, España.
Marcial Pons
2018
|
| Reeks: | Colección Proceso y Derecho
|
| Onderwerpen: | |
| Tags: |
Voeg label toe
Geen labels, Wees de eerste die dit record labelt!
|
MARC
| LEADER | 00000 a2200000 4500 | ||
|---|---|---|---|
| 003 | CL-VaPUC | ||
| 005 | 20220824172251.0 | ||
| 008 | 210804b2018 ||||| |||| 00| 0 eng d | ||
| 999 | |c 433086 |d 433084 | ||
| 020 | |a 9788491235835 | ||
| 040 | |c Pontificia Universidad Católica de Valparaíso | ||
| 082 | |a 347.05 NIE 2018 |2 22 | ||
| 100 | |a Nieva Fenoll, Jordi |e autor |9 417 | ||
| 245 | 1 | |a Inteligencia artificial y proceso judicial | |
| 260 | |a Madrid, España. |b Marcial Pons |c 2018 | ||
| 300 | |a 166 páginas | ||
| 490 | |a Colección Proceso y Derecho | ||
| 583 | |k Cristina Rojas |c 20210804 | ||
| 650 | 0 | |a Proceso judicial |9 258564 |x Inteligencia artificial |x Uso | |
| 650 | 0 | |a Derecho procesal |x Inteligencia artificial |9 862521 | |
| 942 | |2 ddc |c BK | ||
| 952 | |0 0 |1 0 |2 ddc |4 0 |6 347_050000000000000_NIE_2018 |7 0 |8 A |9 578559 |a BIBDER |b BIBDER |d 2021-08-05 |e 3 |g 25474.00 |i 5587166 |l 14 |m 3 |o 347.05 NIE 2018 |p 5587166 |r 2024-06-07 |s 2024-05-28 |t 1 |v 25474.00 |w 2021-08-05 |y BK |k DER | ||